Представление документа в формате MARC21

Поле Инд. ПП Название Значение
Тип записи a
Библиографический уровень m
001 Контрольный номер RU\POUNB\MAIN\026582877ffd075670e29c410d5700d7
005 Дата корректировки 20150513112036.9
008 Кодируемые данные 091020||||||||| y 1 ||| u
020 a ISBN 978-5-7695-5254-0
040 a Служба первич. каталог. ПОУНБ 20.10.2009
c Служба, преобразующая запись НБ ТвГУ
041 a Код языка текста rus
080 a Индекс УДК 377(075.8)
084 a Индекс другой классификации/Индекс ББК Ч45я73-1
090 a Полочн. индекс Ч45
x Авторский знак П 24
245 a Заглавие Педагогика профессионального образования
b Продолж. заглавия учебное пособие для студентов вузов, обучающихся по специальности "Педагогика"
c Ответственность под ред. В. А. Сластенина ; Междунар. акад. наук пед. образования
250 a Основные сведения об издании 4-е изд., стер.
260 a Место издания Москва
c Дата издания 2008
b Издательство Академия
300 a Объем 366, [2] с.
b Иллюстрации/ тип воспроизводства табл.
440 2 0
a Серия Высшее профессиональное образование
440 _0 2 0
a Серия Педагогические специальности
504 a Библиография Библиогр. в конце гл.
520 a Аннотация В учебном пособии, написанном специалистами МПГУ, Белгородского и Курского госуниверситетов, раскрываются теоретико-методологические, психолого-педагогические и организационно-содержательные основы непрерывного профессионального образования как социокультурного института; прослеживается единство и взаимосвязь основных этапов этого образования; характеризуются профессионально-личностное воспитание и развитие специалиста, а также профессионально-педагогическая культура преподавателя. Большое внимание уделяется вопросам экономики профессионального образования, представлены материалы, касающиеся его нормативного правового обеспечения. Для студентов высших педагогических учебных заведений. Может быть полезно аспирантам, преподавателям и руководителям системы образования.
653 a Ключевые слова Непрерывное образование
a Ключевые слова Непрерывное профессиональное образование
a Ключевые слова Педагогика профессионального образования
a Ключевые слова Профессиональное образование
a Ключевые слова Учебники для вузов
700 1_ a Другие авторы Белозерцев Евгений Петрович
q Полное имя Белозерцев, Е. П.
700 1_ a Другие авторы Гонеев Александр Дмитриевич
q Полное имя Гонеев, А. Д.
700 1_ a Другие авторы Пашков Александр Григорьевич
q Полное имя Пашков, А. Г.
700 1_ a Другие авторы Сластенин Виталий Александрович
q Полное имя Сластенин, В. А.
910 a гриф есть*
920 a Оператор Хохл
930 a Новая/Ретро учебники
940 a педагогический
d педагогика профессионального образования
952 c Вид литературы К ру
954 a Дата поступления на обработку 20100601
990 a Автор заказа (DOS) каф. ДПиП
b Заказано (DOS) 20